000 00198 a2200097 4500
001 28047
100 _aSolzhern
245 _aGulag archipelago
260 _a
_bCollins
_c1973
090 _c18747
_d18747
942 _aNUST-CAE
_cM
_c9721
999 _c263120
_d263120